<?xml version="1.0" encoding="UTF-8"?>
<record
    xmlns:xsi="http://www.w3.org/2001/XMLSchema-instance"
    xsi:schemaLocation="http://www.loc.gov/MARC21/slim http://www.loc.gov/standards/marcxml/schema/MARC21slim.xsd"
    xmlns="http://www.loc.gov/MARC21/slim">

  <leader>00780nam a22002057a 4500</leader>
  <datafield tag="999" ind1=" " ind2=" ">
    <subfield code="c">163628</subfield>
    <subfield code="d">163628</subfield>
  </datafield>
  <controlfield tag="005">20220111155950.0</controlfield>
  <datafield tag="010" ind1=" " ind2=" ">
    <subfield code="a">UR-10036</subfield>
  </datafield>
  <datafield tag="020" ind1=" " ind2=" ">
    <subfield code="c">130.00</subfield>
    <subfield code="a">9789383239726</subfield>
  </datafield>
  <datafield tag="035" ind1=" " ind2=" ">
    <subfield code="a">U-8591</subfield>
  </datafield>
  <datafield tag="037" ind1=" " ind2=" ">
    <subfield code="b">DBAD/PUB</subfield>
  </datafield>
  <datafield tag="082" ind1=" " ind2=" ">
    <subfield code="a">&#x6A9;</subfield>
  </datafield>
  <datafield tag="100" ind1=" " ind2=" ">
    <subfield code="a">&#x688; &#x627;&#x6A9;&#x679;&#x631;&#x627; &#x6CC;&#x645; &#x633;&#x639;&#x6CC;&#x62F; &#x627; &#x644;&#x62F; &#x6CC;&#x646;</subfield>
  </datafield>
  <datafield tag="245" ind1=" " ind2=" ">
    <subfield code="a">&#x627; &#x631; &#x62F; &#x648; &#x627; &#x641;&#x633;&#x627; &#x646;&#x6D2;(&#x628;&#x631; &#x622; &#x6D3; &#x633;&#x627; &#x644; &#x62F; &#x648; &#x645;)                                                           </subfield>
    <subfield code="c">&#x688; &#x627;&#x6A9;&#x679;&#x631;&#x627; &#x6CC;&#x645; &#x633;&#x639;&#x6CC;&#x62F; &#x627; &#x644;&#x62F; &#x6CC;&#x646;</subfield>
  </datafield>
  <datafield tag="246" ind1=" " ind2=" ">
    <subfield code="b">Urdu Afsaney(Urdu)</subfield>
    <subfield code="a">by Dr. M.Sayeeduddeen</subfield>
  </datafield>
  <datafield tag="260" ind1=" " ind2=" ">
    <subfield code="a">New Delhi</subfield>
    <subfield code="b">Applied Books</subfield>
    <subfield code="c">2017</subfield>
  </datafield>
  <datafield tag="270" ind1=" " ind2=" ">
    <subfield code="a">1739/3,Ground Floor,New kohinoor hotel,Patodi House,Dariya Ganj ,</subfield>
    <subfield code="b">New Delhi</subfield>
    <subfield code="e">110002</subfield>
    <subfield code="k">011-23266347</subfield>
    <subfield code="l">-</subfield>
  </datafield>
  <datafield tag="300" ind1=" " ind2=" ">
    <subfield code="a">112 &#x635;</subfield>
    <subfield code="c">22 Cm.(bk)     </subfield>
  </datafield>
  <datafield tag="500" ind1=" " ind2=" ">
    <subfield code="a">&#x62F;&#x648; &#x62D;&#x635;&#x6C1;</subfield>
  </datafield>
  <datafield tag="942" ind1=" " ind2=" ">
    <subfield code="2">ddc</subfield>
    <subfield code="c">UR</subfield>
    <subfield code="h">&#x6A9;</subfield>
    <subfield code="m">&#x627; &#x6CC; &#x645; </subfield>
  </datafield>
  <datafield tag="952" ind1=" " ind2=" ">
    <subfield code="0">0</subfield>
    <subfield code="1">0</subfield>
    <subfield code="4">0</subfield>
    <subfield code="7">1</subfield>
    <subfield code="8">FIC</subfield>
    <subfield code="a">DBAD</subfield>
    <subfield code="b">DBAD</subfield>
    <subfield code="d">2019-04-25</subfield>
    <subfield code="e">DBAD/PUB</subfield>
    <subfield code="g">130.00</subfield>
    <subfield code="l">0</subfield>
    <subfield code="o">&#x6A9; &#x627; &#x6CC; &#x645;</subfield>
    <subfield code="p">U-8591</subfield>
    <subfield code="r">2019-04-25 00:00:00</subfield>
    <subfield code="t">1</subfield>
    <subfield code="v">130.00</subfield>
    <subfield code="w">2019-04-25</subfield>
    <subfield code="y">UR</subfield>
  </datafield>
</record>
